Statistics for Chinese Chess Pieces 中國象棋

Click here to take the quiz!

General Stats

  • This quiz has been taken 80 times
  • The average score is 6 of 7

Answer Stats

Answer% Correct
Elephant
91%
Horse
91%
Soldier
87%
General
84%
Cannon
82%
Advisor
69%
Chariot
65%

Score Distribution

Percentile by Number Answered

Percent of People with Each Score

Your Score History

You have not taken this quiz